000 02047cam a22004093a 4500
001 16421878
005 20221223091558.0
008 090716r20101999nyu 000 1 eng d
010 _a 2010479549
020 _a9780451531483 (pbk.)
020 _a0451531485 (pbk.)
035 _a(OCoLC)ocn426804933
035 _a(OCoLC)426804933
040 _aBTCTA
_cBTCTA
_dI4F
_dDLC
042 _alccopycat
050 0 0 _aCPB Box no. 3096 vol. 4
082 _a813.54,BAR
100 _aBarth, John
_999092
245 0 4 _aThe Arabian nights.
_nvol. 2,
_pMore marvels and wonders of the Thousand and one nights /
_cadapted by Jack Zipes from Sir Richard F. Burton's unexpurgated translation with a new introduction by John Barth and an afterword by Jack Zipes.
246 3 0 _aMore marvels and wonders of the Thousand and one nights
260 _aNew York :
_bNew American Library,
_cc 2010.
300 _axx, 421 p. ;
_c18 cm.
490 0 _aSignet Classics
505 0 _aThe caliph's night adventure (Page-1), The Porter and the Three ladies of Baghdad (Page-47), The sleeper an the waker (Page-132), The craft and malice of women,or the tale of the King, His son, His concubine, and the Seven Viziers (Page-161), Abdullah the Fisherman and Abdullah the Merman (Page-250), The tale of Zayn al-Asnam (Page-273), The ten Viziers, or the story of King Azadbakht and His son (Page-297), The tale of Al-malik al Nasir and the Three chiefs of police (Page-385), Fables (Page-393).
650 0 _aFolklore
_zArab countries.
_912211
650 0 _aArabs
_vFolklore.
_999093
655 7 _aFantasy fiction.
_2gsafd
655 7 _aErotic fiction.
_2gsafd
_96616
655 7 _aMystery fiction.
_2gsafd
655 7 _aHistorical fiction.
_2gsafd
700 1 _aZipes, Jack,
_d1937-
_999094
700 1 _aBurton, Richard Francis,
_cSir,
_d1821-1890.
_93641
700 1 _aBarth, John,
_d1930-
_999095
710 2 _aCopyright Paperback Collection (Library of Congress)
_5DLC
730 0 _aArabian nights.
_kSelections.
_lEnglish.
_93637
942 _2ddc
_cFIC
_k813.54,BAR
999 _c591472
_d591472